Principles of egyptian criminal law : (رقم التسجيلة. 34862)
[ عرض عادي ]
| 000 -الفاتح | |
|---|---|
| حقل البيانات ثابتة الطول | 00598nam a22001937a 4500 |
| 003 - محدد رقم الضبط | |
| رقم الضبط | OSt |
| 005 - وقت وتاريخ اخر تعامل مع التسجيلة | |
| رقم الضبط | 20150408114216.0 |
| 008 - عناصر البيانات ثابتة الطول - معلومات عامة | |
| حقل البيانات ثابتة الطول | 140510s2005 ua f 000 0 eng d |
| 020 ## - الرقم الدولى المعيارى للكتب | |
| الرقم الدولى المعيارى للكتاب | 9789779009025 |
| 040 ## - مصدر الفهرسة | |
| وكالة الفهرسة الأصلية | Ma-Un |
| 082 00 - رقم تصنيف ديوى العشرى | |
| رقم الطبعة | 22 |
| رقم التصنيف | 345.6202 |
| رقم المادة | BAP |
| 100 1# - المدخل الرئيسى - إسم شخصى | |
| الإسم الشخصى | Belal, Ahmed Awad |
| 9 (RLIN) | 44603 |
| 245 10 - بيان العنوان | |
| العنوان | Principles of egyptian criminal law : |
| بقية العنوان | The General Part. |
| رقم الجزء/قسم العمل | book 1, |
| اسم جزء/قسم العمل | The Criminal offence / |
| بيان المسئوليه,etc | Ahmed Awad Belal. |
| 250 ## - بيان الطبعة | |
| بيان الطبعة | 5th. ed. |
| 260 ## - PUBLICATION, DISTRIBUTION, ETC. (IMPRINT) | |
| مكان الناشر او الموزع | cairo : |
| اسم الناشر او الموزع | Dar Al-Nahda Al-Arabiya, |
| تاريخ النشر أو التوزيع | 2014 |
| -- | [1435]. |
| 300 ## - الوصف المادى | |
| التعداد | 662 p. ; |
| أبعاد الوعاء | 24 cm. |
| 650 ## - المدخل الاضافى بالموضوع-مصطلح موضوعى | |
| مصطلح موضوعي أو اسم جغرافي كعنصر مدخل | Criminal law |
| التقسيم الفرعي الجغرافي | Egypt |
| 9 (RLIN) | 44604 |
| 942 ## - | |
| -- | ddc |
| -- | BOOK |
| 999 ## - | |
| -- | 34862 |
| -- | 269362 |
| حالة الفقد | نموذج السعر الفعال | حالة تلف | ليس للاعارة | رقم الطلب | رقم النسخة | تاريخ الاكتساب | مصدر التزويد | Serial Enumeration / chronology | الباركود | الفرع الرئيسي | Date last seen | نوع المادة فى نظام كوها | مصدر التصنيف او خطة الترفيف | Total Checkouts |
|---|---|---|---|---|---|---|---|---|---|---|---|---|---|---|
| 2014-05-10 | Not For Loan | 345.6202 BAP | 1 | 2014-05-10 | دار العرب | CL | 00210378 | المكتبة المركزية بالمجمعة (CL) | 2014-05-10 | كتاب | Dewey Decimal Classification | |||
| 2014-05-10 | 345.6202 BAP | 2 | 2014-05-10 | دار العرب | CL | 00210379 | المكتبة المركزية بالمجمعة (CL) | 2014-05-10 | كتاب | Dewey Decimal Classification | ||||
| 2014-05-10 | 345.6202 BAP | 3 | 2014-05-10 | دار العرب | CL | 00210380 | المكتبة المركزية بالمجمعة (CL) | 2014-05-10 | كتاب | Dewey Decimal Classification | ||||
| 2014-05-10 | Not For Loan | 345.6202 BAP | 1 | 2014-05-10 | دار العرب | SGM | 00210381 | كلية الشريعة والقانون - طلاب | 2014-05-10 | كتاب | Dewey Decimal Classification | |||
| 2014-05-10 | 345.6202 BAP | 2 | 2014-05-10 | دار العرب | SGM | 00210382 | كلية الشريعة والقانون - طلاب | 2014-05-10 | كتاب | Dewey Decimal Classification |
